Surnoms des nations à la Coupe du Monde 2022 - Statistiques

Statistiques générales
  • Ce quiz a été pris 179 fois
  • Le résultat moyen est 10 sur 32
Statistiques - réponses
Nation Surnom % Correct
France Les Bleus / Les Tricolores
92%
Espagne La Roja
76%
Canada Les Rouges
71%
Portugal A Seleção
68%
Belgique Les Diables Rouges
65%
Angleterre Les Three Lions
58%
Brésil Seleção
56%
Allemagne Die Mannschaft
55%
Uruguay La Celeste
47%
Maroc Les Lions de l'Atlas
46%
Argentine L'Albiceleste
42%
Pays-Bas Les Oranges
39%
Sénégal Les Lions de la Teranga
35%
Cameroun Les Lions indomptables
35%
Suisse La Nati
34%
Pays de Galles Les Dragons
30%
Serbie Les aigles
27%
Tunisie Les Aigles de Carthage
27%
Ghana Les Black Stars
22%
Equateur La Tri
16%
Mexique El Tricolor
11%
Australie Les Socceroos
11%
Arabie Saoudite Les Faucons verts / Les Verts
9%
Japon Les Samouraïs Bleu
9%
Etats-Unis The Stars and Stripes / Team USA / The Yanks
8%
Costa Rica Los Ticos
6%
Pologne Blanc et rouge (Biało-czerwoni)
3%
Qatar Les Bordeaux
3%
Corée du Sud Le Tigre d'Asie / Les Guerriers Taeguk
3%
Croatie Vatreni
3%
Danemark Les Dynamites danoises
2%
Iran Team Melli
2%
Aucun quiz correspondant
Distribution des résultats
% des personnes avec chaque résultat
Percentile par nombre de réponses
Votre historique - résultats
Vous n’avez pas pris ce quiz